[Event "II C.to di Bologna"]
[Site "Bologna ITA"]
[Date "2005.10.23"]
[Round "7"]
[White "Del Monaco, Andrea"]
[Black "Cocchi, Andrea"]
[Result "1/2-1/2"]
[WhiteElo "2234"]
[BlackElo "2315"]
[PlyCount "55"]
[EventDate "2005.10.15"]

1. e4 Nc6 2. d4 d5 3. e5 Bf5 4. c3 Qd7 5. Nf3 f6 6. Bb5 a6 7. Ba4 b5 8. Bc2
Bxc2 9. Qxc2 e6 10. O-O Nge7 11. a4 Rb8 12. axb5 axb5 13. Re1 f5 14. b4 Nc8 15.
Qe2 Nd8 16. Na3 Nf7 17. g3 Be7 18. h4 c6 19. Nc2 Nb6 20. Ne3 Qb7 21. Ng2 Ra8
22. Bg5 Nxg5 23. Nxg5 Bxg5 24. Qh5+ Qf7 25. Rxa8+ Nxa8 26. Qxg5 Nb6 27. Qd2 O-O
28. Ra1 1/2-1/2

[Event "II C.to di Bologna"]
[Site "Bologna ITA"]
[Date "2005.10.23"]
[Round "7"]
[White "Gaido, Paolo"]
[Black "Pace, Pietro Dario"]
[Result "0-1"]
[WhiteElo "2099"]
[BlackElo "2233"]
[PlyCount "84"]
[EventDate "2005.10.15"]

1. Nf3 Nf6 2. c4 c6 3. d4 d5 4. e3 a6 5. a4 e6 6. Nc3 Be7 7. Bd3 dxc4 8. Bxc4
c5 9. O-O cxd4 10. exd4 O-O 11. d5 Qc7 12. Qb3 e5 13. Bg5 Bg4 14. Nd2 Nbd7 15.
Rac1 Nc5 16. Qc2 Bh5 17. Bxf6 gxf6 18. b4 Bg6 19. Nce4 Nxe4 20. Nxe4 Qb6 21. d6
Bxd6 22. Nxf6+ Kg7 23. Nd5 Qd4 24. Qb3 e4 25. Rfd1 Qe5 26. Qc3 Qxc3 27. Rxc3
Rad8 28. b5 a5 29. Rcc1 Ba3 30. Ra1 Bc5 31. Ne3 b6 32. Rd5 Rxd5 33. Bxd5 Rd8
34. Rd1 f5 35. g3 Bxe3 36. fxe3 Bh5 37. Rd4 Bf7 38. Bxf7 Rxd4 39. exd4 Kxf7 40.
Kf2 Ke6 41. Ke3 Kd5 42. h3 h5 0-1

[Event "II C.to di Bologna"]
[Site "Bologna ITA"]
[Date "2005.10.23"]
[Round "7"]
[White "Ronchetti, Niccolo'"]
[Black "Gallo, Enrico"]
[Result "1-0"]
[WhiteElo "2402"]
[BlackElo "2113"]
[PlyCount "81"]
[EventDate "2005.10.15"]

1. e4 c5 2. Nf3 d6 3. d4 cxd4 4. Nxd4 Nf6 5. Nc3 g6 6. Be3 Bg7 7. f3 Nc6 8. Qd2
O-O 9. O-O-O d5 10. Kb1 e5 11. Nxc6 bxc6 12. exd5 Nxd5 13. Nxd5 cxd5 14. Qxd5
Qc7 15. Qc5 Qb7 16. Bc4 Rb8 17. Bb3 Be6 18. Qxa7 Qb5 19. Qc5 Bxb3 20. axb3 Qa6
21. Rd6 Qe2 22. Rd2 Qa6 23. Qa7 Qf6 24. Rhd1 Qf5 25. Qd7 Qf6 26. Rd6 Qh4 27.
Qh3 Qb4 28. Qg4 Qa5 29. Qa4 Qc7 30. Rc6 Qb7 31. Qa6 Qxa6 32. Rxa6 Rfe8 33. Rd7
Rbd8 34. Raa7 Rxd7 35. Rxd7 f5 36. b4 f4 37. Bc5 g5 38. b5 g4 39. b6 e4 40.
fxe4 Rxe4 41. b7 1-0

[Event "II C.to di Bologna"]
[Site "Bologna ITA"]
[Date "2005.10.23"]
[Round "7"]
[White "Scalcione, Michelangelo"]
[Black "Mascellani, Marco"]
[Result "1-0"]
[WhiteElo "2284"]
[BlackElo "2266"]
[PlyCount "59"]
[EventDate "2005.10.15"]

1. Nf3 d5 2. d4 Bf5 3. c4 dxc4 4. Nc3 Nf6 5. e3 e6 6. Bxc4 Nbd7 7. O-O Nb6 8.
Bd3 Bxd3 9. Qxd3 c5 10. Qb5+ Nfd7 11. Qe2 Be7 12. dxc5 Bxc5 13. e4 Bb4 14. Bd2
O-O 15. a3 Be7 16. Bf4 a6 17. Rfd1 Rc8 18. Rd3 Qe8 19. e5 Nc5 20. Re3 Nba4 21.
Ng5 Nb3 22. Rd1 Nxc3 23. bxc3 Nc5 24. Nxh7 Kxh7 25. Qh5+ Kg8 26. Rh3 f5 27.
Qh7+ Kf7 28. Rg3 Rg8 29. Bh6 Bg5 30. Rxg5 1-0

[Event "II C.to di Bologna"]
[Site "Bologna ITA"]
[Date "2005.10.23"]
[Round "7"]
[White "Tomba, Ivan"]
[Black "Bianchi, Andrea"]
[Result "1/2-1/2"]
[WhiteElo "2244"]
[BlackElo "2160"]
[PlyCount "48"]
[EventDate "2005.10.15"]

1. e4 d6 2. d4 Nf6 3. Nc3 e5 4. Nf3 Nbd7 5. Bc4 Be7 6. O-O O-O 7. a4 c6 8. h3
Qc7 9. Be3 b6 10. dxe5 dxe5 11. Nd2 Bc5 12. Qf3 Bxe3 13. fxe3 a5 14. Rf2 Nc5
15. Qg3 Kh8 16. Qh4 Be6 17. Raf1 Rad8 18. b3 Bxc4 19. Nxc4 Rfe8 20. Rf5 Rd7 21.
R1f3 Re6 22. Rg3 Ng8 23. Rh5 Rh6 24. Rxh6 Nxh6 1/2-1/2

[Event "II C.to di Bologna"]
[Site "Bologna ITA"]
[Date "2005.10.23"]
[Round "8"]
[White "Bianchi, Andrea"]
[Black "Mascellani, Marco"]
[Result "0-1"]
[WhiteElo "2160"]
[BlackElo "2266"]
[PlyCount "60"]
[EventDate "2005.10.15"]

1. e4 c5 2. Nf3 Nc6 3. d4 cxd4 4. Nxd4 e5 5. Nb5 d6 6. c4 Be7 7. N1c3 a6 8. Na3
Nf6 9. Be2 Nd4 10. O-O O-O 11. Nc2 Nxe2+ 12. Qxe2 Be6 13. Ne3 Rc8 14. Bd2 Qb6
15. b3 Qd4 16. Nc2 Qc5 17. Rac1 h6 18. Rfe1 Rfe8 19. Be3 Qa5 20. Na4 Bxc4 21.
Qd1 Be6 22. Bb6 Qb5 23. Na3 Rxc1 24. Qxc1 Qd7 25. f3 d5 26. exd5 Nxd5 27. Bf2
Rc8 28. Qb2 b5 29. Nb6 Nxb6 30. Bxb6 Qd6 0-1

[Event "II C.to di Bologna"]
[Site "Bologna ITA"]
[Date "2005.10.23"]
[Round "8"]
[White "Damia, Angelo"]
[Black "Conti, Valerio"]
[Result "1-0"]
[WhiteElo "2137"]
[BlackElo "2201"]
[PlyCount "107"]
[EventDate "2005.10.15"]

1. e4 c5 2. Nf3 Nc6 3. d4 cxd4 4. Nxd4 g6 5. c4 Nf6 6. Nc3 d6 7. Be2 Nxd4 8.
Qxd4 Bg7 9. Be3 O-O 10. Qd2 Be6 11. f3 Qa5 12. O-O Rfc8 13. b3 a6 14. Rac1 b5
15. Nd5 Qxd2 16. Bxd2 Nxd5 17. cxd5 Bd4+ 18. Kh1 Bd7 19. Rxc8+ Rxc8 20. Rc1
Rxc1+ 21. Bxc1 Kf8 22. g3 Bh3 23. Bd2 Bb6 24. a4 bxa4 25. bxa4 a5 26. f4 f5 27.
e5 Ke8 28. Bb5+ Kd8 29. Bc3 Kc7 30. Be8 Kd8 31. Bf7 Bf1 32. Bg8 Bc4 33. h4 Bb3
34. Bxh7 Bxd5+ 35. Kh2 Bf7 36. exd6 exd6 37. g4 fxg4 38. Kg3 Kd7 39. Kxg4 d5
40. f5 gxf5+ 41. Bxf5+ Be6 42. h5 d4 43. Bd2 Ke7 44. h6 Bxf5+ 45. Kxf5 Kf7 46.
Bf4 d3 47. Bd2 Bd4 48. Ke4 Bb6 49. Kxd3 Kg6 50. Kc4 Bd8 51. Kb5 Kh7 52. Bxa5
Bg5 53. Bb4 Kxh6 54. a5 1-0

[Event "II C.to di Bologna"]
[Site "Bologna ITA"]
[Date "2005.10.23"]
[Round "8"]
[White "Gallo, Enrico"]
[Black "Del Monaco, Andrea"]
[Result "0-1"]
[WhiteElo "2113"]
[BlackElo "2234"]
[PlyCount "76"]
[EventDate "2005.10.15"]

1. e4 c5 2. Nf3 Nc6 3. d4 cxd4 4. Nxd4 Qc7 5. Nc3 e6 6. Be3 a6 7. Qd2 Nf6 8. f3
b5 9. g4 h6 10. O-O-O b4 11. Nce2 Ne5 12. Bf4 Bb7 13. Kb1 d5 14. exd5 Nxd5 15.
Bg3 Bd6 16. Nc1 Rc8 17. Be2 O-O 18. g5 hxg5 19. Qxg5 f6 20. Qd2 Rfe8 21. Rhg1
Nb6 22. Bd3 Rcd8 23. Bxe5 Bxe5 24. Qh6 Qf7 25. Rxg7+ Qxg7 26. Rg1 Qxg1 27. Qh7+
Kf8 28. Bg6 Qxg6 29. Qxg6 Rd7 30. c3 bxc3 31. bxc3 Na4 32. Nce2 Nxc3+ 33. Nxc3
Bxd4 34. Ne2 Rb8 35. Qh6+ Ke7 36. Nxd4 Rxd4 37. Qg7+ Kd6 38. Qxf6 Be4+ 0-1

[Event "II C.to di Bologna"]
[Site "Bologna ITA"]
[Date "2005.10.23"]
[Round "8"]
[White "Pace, Pietro Dario"]
[Black "Cocchi, Andrea"]
[Result "1/2-1/2"]
[WhiteElo "2233"]
[BlackElo "2315"]
[PlyCount "86"]
[EventDate "2005.10.15"]

1. e4 c5 2. Nf3 e6 3. b3 Nf6 4. e5 Nd5 5. Bb2 Be7 6. Nc3 Nxc3 7. Bxc3 b6 8. Bd3
Bb7 9. Qe2 Nc6 10. O-O-O Nb4 11. Bxb4 cxb4 12. Be4 Qc7 13. Kb1 O-O 14. h4 f5
15. exf6 gxf6 16. g4 Rac8 17. Rhg1 Bxe4 18. Qxe4 Qc6 19. Qd3 Qd6 20. Qe3 Qc5
21. Nd4 Qe5 22. Qd3 Bc5 23. Nf3 Qd6 24. Qe2 Qf4 25. d4 Be7 26. d5 Rc3 27. Ne1
Qe5 28. Qd2 Kh8 29. d6 Bd8 30. f4 Qe4 31. Nd3 b5 32. g5 a5 33. h5 Rg8 34. Rde1
Qf5 35. gxf6 Rxg1 36. Rxg1 Bxf6 37. Qg2 Rc8 38. Qb7 Rd8 39. Qc7 Qxh5 40. Ne5
Rf8 41. Nxd7 Bd4 42. Nxf8 Bxg1 43. Nxe6 Qd1+ 1/2-1/2

[Event "II C.to di Bologna"]
[Site "Bologna ITA"]
[Date "2005.10.23"]
[Round "8"]
[White "Tomba, Ivan"]
[Black "Scalcione, Michelangelo"]
[Result "0-1"]
[WhiteElo "2244"]
[BlackElo "2284"]
[PlyCount "136"]
[EventDate "2005.10.15"]

1. e4 e5 2. Nf3 d6 3. d4 exd4 4. Qxd4 Nf6 5. Bg5 Be7 6. Nc3 O-O 7. O-O-O Nc6 8.
Qd2 Be6 9. Bb5 Nd7 10. Bxe7 Nxe7 11. Ng5 Nb6 12. Qe2 Bd7 13. e5 Bxb5 14. Nxb5
Ned5 15. h4 h6 16. Ne4 dxe5 17. Ng3 c6 18. Na3 Qf6 19. Nh5 Qe7 20. Nc4 Nxc4 21.
Qxc4 Rad8 22. Rde1 Nf6 23. Ng3 Qd7 24. Qc3 Rfe8 25. f3 Qe6 26. b3 Nd5 27. Qc4
b5 28. Qc5 a5 29. Ne2 Qf6 30. Nc3 e4 31. Nxe4 Qa1+ 32. Kd2 Qxa2 33. Nd6 Rxe1
34. Rxe1 Nf6 35. Ke2 a4 36. bxa4 Qxa4 37. Qxc6 Qxh4 38. Kf1 Qh1+ 39. Kf2 Qh4+
40. Kf1 Qh1+ 41. Kf2 Qh2 42. Ne4 Nxe4+ 43. Qxe4 Qc7 44. Ra1 Qc5+ 45. Kf1 f5 46.
Qe2 Rc8 47. Ra5 Rb8 48. c4 Qxc4 49. Qxc4+ bxc4 50. Rc5 Rb1+ 51. Kf2 Rb2+ 52.
Kg1 Rc2 53. Rxf5 g6 54. Rc5 Kf7 55. Rc6 h5 56. f4 h4 57. Kh2 Rc3 58. Kg1 Rc1+
59. Kh2 c3 60. Kh3 c2 61. Kg4 Ke7 62. Rc3 h3 63. Kg3 hxg2 64. Kxg2 Kd6 65. Rc4
Kd5 66. Rc8 Ke4 67. Rc4+ Kd3 68. Rc6 Rb1 0-1

[Event "XXVII Festival A"]
[Site "Arco ITA"]
[Date "2005.10.22"]
[Round "1"]
[White "Acunzo, Domenico"]
[Black "Muha, Zdravko"]
[Result "1-0"]
[WhiteElo "1819"]
[BlackElo "2112"]
[PlyCount "99"]
[EventDate "2005.10.22"]

1. e4 c6 2. d4 d5 3. exd5 cxd5 4. c4 Nf6 5. Nc3 e6 6. Nf3 Bb4 7. Bd3 dxc4 8.
Bxc4 O-O 9. O-O Nc6 10. Be3 a6 11. Rc1 b5 12. Nxb5 axb5 13. Bxb5 Ne7 14. a3 Bd6
15. Qe2 Bb7 16. Ne5 Nfd5 17. Nd7 Nc7 18. Nxf8 Nxb5 19. Nxe6 fxe6 20. Qxb5 Ba6
21. Qb3 Nd5 22. Rfe1 Rb8 23. Qc2 Bb5 24. Bd2 Qh4 25. g3 Qf6 26. Qe4 Bd7 27. b4
Ra8 28. Qd3 Rf8 29. Be3 Qf3 30. Qe2 Qf5 31. Rc2 Ba4 32. Rcc1 Nc7 33. Qd2 Qd5
34. Bf4 Bxf4 35. gxf4 Bc6 36. Rxc6 Qxc6 37. Qe3 Rf6 38. Rc1 Rg6+ 39. Kf1 Qg2+
40. Ke2 Nd5 41. Qf3 Qxh2 42. f5 Nf4+ 43. Kd2 Rg2 44. Rc8+ Kf7 45. fxe6+ Kg6 46.
Ke3 Nxe6 47. Rc6 Kg5 48. Rxe6 g6 49. Re5+ Kh6 50. Qf8# 1-0

[Event "XXVII Festival A"]
[Site "Arco ITA"]
[Date "2005.10.22"]
[Round "1"]
[White "Astengo, Corrado"]
[Black "Pavoncelli, Paolo"]
[Result "1-0"]
[WhiteElo "2105"]
[BlackElo "1818"]
[PlyCount "107"]
[EventDate "2005.10.22"]

1. e4 e6 2. d4 b6 3. Nf3 Bb7 4. Bd3 Nf6 5. Qe2 Be7 6. Bg5 h6 7. Bh4 Nh7 8. Bxe7
Qxe7 9. Nbd2 Nc6 10. c3 Ng5 11. Ng1 Qf6 12. h4 Nh7 13. Ngf3 g5 14. e5 Qg7 15.
Bxh7 Rxh7 16. hxg5 hxg5 17. Rxh7 Qxh7 18. Nxg5 Qg6 19. f4 Ne7 20. O-O-O Nd5 21.
Qf2 a5 22. Rh1 O-O-O 23. Nde4 b5 24. Rh7 Nxf4 25. Qxf4 Bxe4 26. Qxe4 Qxg5+ 27.
Kc2 Qg6 28. Qxg6 fxg6 29. Rg7 Rf8 30. Rxg6 Rf2+ 31. Kb3 Kd8 32. g4 Rg2 33. g5
Ke8 34. Rg7 Rg3 35. a4 b4 36. Rg8+ Ke7 37. Ra8 bxc3 38. bxc3 c5 39. Kc4 cxd4
40. cxd4 Rxg5 41. Rxa5 Rg8 42. Rc5 Rg1 43. a5 Rc1+ 44. Kb5 Rb1+ 45. Ka6 Rb4 46.
d5 exd5 47. Rxd5 Ke6 48. Rb5 Rxb5 49. Kxb5 Kxe5 50. a6 d5 51. a7 Ke4 52. a8=Q
Kd4 53. Qa1+ Ke3 54. Kc5 1-0

[Event "XXVII Festival A"]
[Site "Arco ITA"]
[Date "2005.10.22"]
[Round "1"]
[White "Bartonicek, Zdenek jr"]
[Black "Scotti, Umberto"]
[Result "1-0"]
[WhiteElo "1887"]
[BlackElo "2182"]
[PlyCount "41"]
[EventDate "2005.10.22"]

1. Nf3 d5 2. c4 c6 3. b3 Nf6 4. g3 Bf5 5. Bg2 e6 6. O-O h6 7. Bb2 Be7 8. d3 O-O
9. Na3 Nbd7 10. Nc2 Re8 11. Rc1 Bd6 12. Re1 e5 13. e4 Bh7 14. cxd5 cxd5 15.
exd5 Nxd5 16. Nd2 N7f6 17. Nc4 Bb4 18. Rxe5 Qd7 19. Rxe8+ Rxe8 20. Bxf6 gxf6
21. Bxd5 1-0

[Event "XXVII Festival A"]
[Site "Arco ITA"]
[Date "2005.10.22"]
[Round "1"]
[White "Bartonicek, Zdenek sr"]
[Black "Kaserer, Hans-Peter"]
[Result "1-0"]
[WhiteElo "2097"]
[BlackElo "1766"]
[PlyCount "87"]
[EventDate "2005.10.22"]

1. Nf3 d5 2. d4 Bg4 3. Bf4 Bxf3 4. exf3 e6 5. Bd3 Nf6 6. O-O Bd6 7. Be5 O-O 8.
Re1 c5 9. c3 Nc6 10. Na3 cxd4 11. cxd4 Bxe5 12. dxe5 Nd7 13. f4 Qh4 14. g3 Qe7
15. Nb5 Nb6 16. Rc1 a6 17. Nd6 Nc8 18. Nxc8 Raxc8 19. a3 Rc7 20. Rc3 g6 21. Qd2
Rfc8 22. Kg2 Qd7 23. h4 Ne7 24. Rec1 Rxc3 25. Rxc3 Rxc3 26. Qxc3 Qc6 27. Qb4
Nc8 28. h5 Qb6 29. Qc3 Ne7 30. h6 Nc6 31. Qc2 Qd4 32. Bxa6 Qb6 33. Bd3 f6 34.
Bxg6 f5 35. Bh5 Qb5 36. Be2 Qb6 37. Qa4 Qd8 38. Qb5 Qd7 39. b4 Qe7 40. Qb6 Qd7
41. b5 Nd8 42. a4 Nf7 43. a5 d4 44. a6 1-0

[Event "XXVII Festival A"]
[Site "Arco ITA"]
[Date "2005.10.22"]
[Round "1"]
[White "Bogdanov, Valentin"]
[Black "Giuriato, Sergio"]
[Result "1-0"]
[WhiteElo "2399"]
[BlackElo "1992"]
[PlyCount "87"]
[EventDate "2005.10.22"]

1. d4 Nf6 2. c4 e6 3. Nf3 Bb4+ 4. Bd2 Qe7 5. g3 O-O 6. Bg2 Bxd2+ 7. Qxd2 d6 8.
Nc3 e5 9. O-O Nc6 10. d5 Nb8 11. e4 a5 12. Ne1 Na6 13. f4 Nc5 14. f5 Nfd7 15.
Nc2 Nb6 16. b3 f6 17. Ne3 Bd7 18. Rf2 Kh8 19. Raf1 Be8 20. Bf3 Na6 21. Rb1 Nc5
22. Bd1 Bd7 23. a3 Rfb8 24. Rf1 Qd8 25. b4 axb4 26. axb4 Na6 27. Be2 Nc8 28.
Nc2 c6 29. c5 dxc5 30. dxc6 bxc6 31. Bxa6 Rxa6 32. bxc5 Rxb1 33. Rxb1 Qe7 34.
Kf2 Be8 35. Rd1 Ra7 36. Qd8 Rc7 37. Na4 Rd7 38. Rxd7 Qxd7 39. Qxd7 Bxd7 40. Nb6
Nxb6 41. cxb6 Bc8 42. Kf3 Kg8 43. Nb4 Bb7 44. Nd3 1-0

[Event "XXVII Festival A"]
[Site "Arco ITA"]
[Date "2005.10.22"]
[Round "1"]
[White "Bossoni, Mario"]
[Black "Bronznik, Valerij"]
[Result "0-1"]
[WhiteElo "1978"]
[BlackElo "2386"]
[PlyCount "56"]
[EventDate "2005.10.22"]

1. e4 c5 2. d4 cxd4 3. c3 dxc3 4. Nxc3 e6 5. Nf3 Nc6 6. Bc4 Qc7 7. Qe2 Nf6 8.
O-O Ng4 9. g3 Be7 10. Bf4 d6 11. Rac1 O-O 12. Rfd1 a6 13. Bb3 Qb8 14. Rd2 e5
15. Be3 Nxe3 16. Qxe3 Bg4 17. Nd5 Bd8 18. Rd3 Kh8 19. Nb6 Bxb6 20. Qxb6 f5 21.
Bd5 Ne7 22. Ng5 Nxd5 23. Rxd5 fxe4 24. Rxd6 Qe8 25. Ne6 Bxe6 26. Rxe6 Qh5 27.
Qe3 Rad8 28. Qxe4 Qf7 0-1

[Event "XXVII Festival A"]
[Site "Arco ITA"]
[Date "2005.10.22"]
[Round "1"]
[White "Caruana, Fabiano"]
[Black "Weinberg, Emanuele"]
[Result "1-0"]
[WhiteElo "2373"]
[BlackElo "1977"]
[PlyCount "65"]
[EventDate "2005.10.22"]

1. e4 Nf6 2. e5 Nd5 3. d4 d6 4. c4 Nb6 5. exd6 cxd6 6. Nc3 Nc6 7. Be3 g6 8. d5
Ne5 9. f4 Ng4 10. Bd4 Nf6 11. a4 Bg7 12. a5 Nbd7 13. Nf3 O-O 14. Be2 b6 15.
axb6 Nxb6 16. O-O Bd7 17. b4 e6 18. Ra6 Qc7 19. Qa1 Qb7 20. c5 dxc5 21. bxc5
Nbxd5 22. Nxd5 Qxd5 23. Bxf6 Qxc5+ 24. Kh1 Bxf6 25. Qxf6 Qc2 26. Nd4 Qb2 27.
Raa1 e5 28. Qxe5 Rfe8 29. Qd5 Rad8 30. Rab1 Qd2 31. Rbd1 Qb2 32. Bc4 Be6 33.
Qb5 1-0

[Event "XXVII Festival A"]
[Site "Arco ITA"]
[Date "2005.10.22"]
[Round "1"]
[White "Cottarelli, Franco"]
[Black "Aagaard, Jacob"]
[Result "0-1"]
[WhiteElo "1997"]
[BlackElo "2452"]
[PlyCount "54"]
[EventDate "2005.10.22"]

1. e4 c5 2. Nc3 Nc6 3. g3 g6 4. Bg2 Bg7 5. d3 d6 6. Be3 e5 7. Qd2 Nd4 8. Nd1 f5
9. c3 Ne6 10. exf5 gxf5 11. Ne2 h5 12. h4 Nh6 13. f3 f4 14. gxf4 Nf5 15. Bf2
Bh6 16. Kf1 Qe7 17. Ne3 Nxf4 18. Nxf4 Bxf4 19. Qe1 Nxe3+ 20. Bxe3 Rf8 21. Bxf4
Rxf4 22. Qg3 Be6 23. Qg6+ Kd7 24. Qxh5 Rg8 25. Kf2 Qf6 26. Bh3 Bxh3 27. Rxh3
Rh8 0-1

[Event "XXVII Festival A"]
[Site "Arco ITA"]
[Date "2005.10.22"]
[Round "1"]
[White "Diotallevi, Maurizio"]
[Black "Di Cio', Enrico"]
[Result "1/2-1/2"]
[WhiteElo "2113"]
[BlackElo "1821"]
[PlyCount "97"]
[EventDate "2005.10.22"]

1. d4 Nf6 2. Bg5 e6 3. Nf3 Be7 4. e3 d5 5. c4 dxc4 6. Bxc4 O-O 7. Nc3 b6 8. O-O
Bb7 9. Qe2 h6 10. Bh4 Ne4 11. Bxe7 Nxc3 12. bxc3 Qxe7 13. e4 Rd8 14. Ne5 Nd7
15. f4 Nf6 16. Bd3 c5 17. Nf3 cxd4 18. cxd4 Rac8 19. Rad1 Rc7 20. Rfe1 Rdc8 21.
Bb1 Qa3 22. Ne5 Ba6 23. Qf2 Rc1 24. Qd2 Rxd1 25. Rxd1 Bb7 26. Re1 Qc3 27. Qxc3
Rxc3 28. Kf2 Kf8 29. Re2 Ke7 30. g3 g6 31. Re1 Nd7 32. Nxd7 Kxd7 33. Rd1 Kd6
34. Rd2 b5 35. Rb2 a6 36. Ke2 Bc6 37. Bd3 f5 38. Kd2 Ra3 39. exf5 gxf5 40. g4
fxg4 41. Bg6 Kd5 42. Rc2 Rf3 43. Rc5+ Kd6 44. f5 Be4 45. Re5 Rd3+ 46. Ke2 Rxd4
47. Rxe6+ Kc5 48. Rxa6 Rd5 49. Ke3 1/2-1/2

[Event "XXVII Festival A"]
[Site "Arco ITA"]
[Date "2005.10.22"]
[Round "1"]
[White "Fittante, Giuliana"]
[Black "Most, Zdenek"]
[Result "0-1"]
[WhiteElo "1885"]
[BlackElo "2161"]
[PlyCount "78"]
[EventDate "2005.10.22"]

1. d4 Nf6 2. Nf3 g6 3. g3 Bg7 4. Bg2 O-O 5. c4 c5 6. Nc3 cxd4 7. Nxd4 Nc6 8.
Nc2 d6 9. O-O a6 10. h3 Qa5 11. e4 Ne5 12. Ne3 Be6 13. Ncd5 Bxd5 14. exd5 b5
15. Bd2 Qb6 16. cxb5 axb5 17. Bc3 Nfd7 18. Bd4 Qxd4 19. Qxd4 Nf3+ 20. Bxf3 Bxd4
21. Nd1 Rfc8 22. a3 b4 23. Be2 Rc2 24. Bb5 Ne5 25. Kg2 b3 26. Rb1 Kf8 27. Re1
f5 28. Re2 Rxe2 29. Bxe2 Rc8 30. Nc3 Bxc3 31. bxc3 Rxc3 32. Bd1 b2 33. Rxb2
Rxa3 34. Rb8+ Kf7 35. Be2 Nd3 36. Rh8 h5 37. Rc8 h4 38. gxh4 Nf4+ 39. Kf1 Ra1+
0-1

[Event "XXVII Festival A"]
[Site "Arco ITA"]
[Date "2005.10.22"]
[Round "1"]
[White "Fossum, Oystein Boyum"]
[Black "Sartorio, Diego"]
[Result "1-0"]
[WhiteElo "2247"]
[BlackElo "1939"]
[PlyCount "91"]
[EventDate "2005.10.22"]

1. c4 f5 2. g3 Nf6 3. Bg2 g6 4. Nc3 Bg7 5. d3 d6 6. e4 Nc6 7. h3 e5 8. Nge2 Rb8
9. O-O O-O 10. Be3 a6 11. Qd2 Bd7 12. exf5 Bxf5 13. d4 Qe8 14. d5 Nd8 15. g4
Bd7 16. Ng3 b5 17. c5 Nf7 18. c6 Bc8 19. Nce4 Nxe4 20. Bxe4 Qe7 21. f3 Qh4 22.
Kg2 Bf6 23. Bf2 Bg5 24. Qa5 Bd8 25. Qc3 Ng5 26. Rh1 Nxe4 27. Nxe4 Qe7 28. b4
Qf7 29. Qd3 Ra8 30. Be1 Be7 31. Bd2 Kg7 32. a3 a5 33. a4 Ba6 34. Rhf1 Rab8 35.
Rab1 Rb6 36. Be3 bxa4 37. b5 Rxb5 38. Rxb5 a3 39. Nc3 Bxb5 40. Qxb5 Ra8 41. Ra1
Rf8 42. Qe2 e4 43. fxe4 Bf6 44. Rxa3 Be5 45. Nb5 Rb8 46. Rxa5 1-0

[Event "XXVII Festival A"]
[Site "Arco ITA"]
[Date "2005.10.22"]
[Round "1"]
[White "Isonzo, David"]
[Black "Schrott, Ernst"]
[Result "1-0"]
[WhiteElo "2337"]
[BlackElo "1970"]
[PlyCount "49"]
[EventDate "2005.10.22"]

1. e4 c5 2. Nf3 Nc6 3. d4 cxd4 4. Nxd4 Nf6 5. Nc3 d6 6. Bg5 e6 7. Qd2 Be7 8.
O-O-O a6 9. f3 Qa5 10. Nb3 Qc7 11. g4 b5 12. Be3 Bb7 13. g5 Nd7 14. h4 Nc5 15.
Nxc5 dxc5 16. Bf4 Qc8 17. Bh3 Nd4 18. Nd5 Bxd5 19. exd5 Qb7 20. c3 Qxd5 21. Kb1
Nc6 22. Qe3 Nd4 23. cxd4 O-O 24. dxc5 Bxc5 25. Qc3 1-0

[Event "XXVII Festival A"]
[Site "Arco ITA"]
[Date "2005.10.22"]
[Round "1"]
[White "Ivanov, Mikhail M."]
[Black "Virzi, Ettore"]
[Result "1-0"]
[WhiteElo "2457"]
[BlackElo "2001"]
[PlyCount "67"]
[EventDate "2005.10.22"]

1. Nf3 d5 2. d4 c6 3. c4 e6 4. e3 Nf6 5. Nbd2 Nbd7 6. Bd3 Be7 7. O-O O-O 8. e4
dxe4 9. Nxe4 Nxe4 10. Bxe4 c5 11. Be3 Nf6 12. Bc2 Qc7 13. dxc5 Bxc5 14. Nd4 a6
15. Bg5 Be7 16. Qd3 Rd8 17. Bxf6 Bxf6 18. Qxh7+ Kf8 19. Nf3 Bd7 20. Rae1 Qxc4
21. Be4 Bc6 22. Bxc6 Qxc6 23. Ne5 Qb5 24. f4 Ke7 25. Qh5 Rf8 26. a4 Qxb2 27.
Rb1 Qd4+ 28. Kh1 Rab8 29. Rxb7+ Rxb7 30. Nc6+ Ke8 31. Nxd4 Bxd4 32. Rd1 g6 33.
Qf3 Rb4 34. Qe4 1-0

[Event "XXVII Festival A"]
[Site "Arco ITA"]
[Date "2005.10.22"]
[Round "1"]
[White "Ketzscher, Roland"]
[Black "Rigo, Marco"]
[Result "1-0"]
[WhiteElo "2143"]
[BlackElo "1862"]
[PlyCount "59"]
[EventDate "2005.10.22"]

1. d4 d5 2. c4 e6 3. Nc3 c6 4. Nf3 dxc4 5. a4 Bb4 6. e4 b5 7. Bd2 Bb7 8. axb5
Bxc3 9. Bxc3 cxb5 10. d5 Nf6 11. dxe6 Qxd1+ 12. Rxd1 Bxe4 13. exf7+ Kxf7 14.
Ng5+ Kg6 15. Bxf6 Bc6 16. Bd8 Bd7 17. Rd6+ Kf5 18. Rd5+ Kg6 19. Ba5 Re8+ 20.
Kd1 Bc6 21. Rc5 a6 22. h4 Ra7 23. h5+ Kf6 24. Nxh7+ Ke6 25. Ng5+ Kd6 26. Rf5
Bd7 27. Rf7 Kc5 28. Bd2 Nc6 29. Be3+ Nd4 30. Rh4 1-0

[Event "XXVII Festival A"]
[Site "Arco ITA"]
[Date "2005.10.22"]
[Round "1"]
[White "Loi, Andrea"]
[Black "Kvisla, Johannes Luangtep"]
[Result "1-0"]
[WhiteElo "1829"]
[BlackElo "2123"]
[PlyCount "45"]
[EventDate "2005.10.22"]

1. d4 Nf6 2. c4 c6 3. Nc3 d5 4. cxd5 cxd5 5. Nf3 Nc6 6. Bf4 a6 7. e3 e6 8. Bd3
Bd6 9. Bxd6 Qxd6 10. O-O O-O 11. Rc1 b5 12. e4 e5 13. dxe5 Nxe5 14. Nxe5 Qxe5
15. exd5 Ng4 16. g3 Qh5 17. h4 g5 18. Ne4 gxh4 19. Rxc8 f5 20. Rxa8 fxe4 21.
Rxf8+ Kxf8 22. Be2 hxg3 23. fxg3+ 1-0

[Event "XXVII Festival A"]
[Site "Arco ITA"]
[Date "2005.10.22"]
[Round "1"]
[White "Luther, Thomas"]
[Black "Bondielli, Giorgio"]
[Result "1-0"]
[WhiteElo "2569"]
[BlackElo "2005"]
[PlyCount "63"]
[EventDate "2005.10.22"]

1. e4 e5 2. Nf3 Nf6 3. Nxe5 d6 4. Nf3 Nxe4 5. Nc3 Nxc3 6. dxc3 Be7 7. Bf4 O-O
8. Qd2 Nc6 9. O-O-O Be6 10. Kb1 a5 11. h4 a4 12. Bd3 Na5 13. Ng5 h6 14. Qe2 Qd7
15. Qe4 Bf5 16. Qxf5 Qxf5 17. Bxf5 hxg5 18. hxg5 g6 19. Bd7 Nc4 20. Bc1 Ne5 21.
Bh3 f6 22. f4 Nf7 23. Rde1 Bd8 24. Re6 Kg7 25. Be3 c5 26. f5 Ra6 27. fxg6 Kxg6
28. Rf1 Nxg5 29. Bf5+ Kf7 30. Bxg5 fxg5 31. Rh6 Rb6 32. Bd3+ 1-0

[Event "XXVII Festival A"]
[Site "Arco ITA"]
[Date "2005.10.22"]
[Round "1"]
[White "Lymar, Irina"]
[Black "Larsen Hagen, Brede Andre"]
[Result "1/2-1/2"]
[WhiteElo "2309"]
[BlackElo "1951"]
[PlyCount "37"]
[EventDate "2005.10.22"]

1. d4 d5 2. Nf3 Nf6 3. c4 e6 4. Nc3 Be7 5. Bg5 O-O 6. e3 h6 7. Bh4 b6 8. Qb3
Bb7 9. Bxf6 Bxf6 10. cxd5 Bxd5 11. Nxd5 Qxd5 12. Qxd5 exd5 13. Rc1 Rc8 14. Bd3
c5 15. O-O g6 16. e4 Nd7 17. Bb5 dxe4 18. Bxd7 Rc7 19. Bg4 1/2-1/2

[Event "XXVII Festival A"]
[Site "Arco ITA"]
[Date "2005.10.22"]
[Round "1"]
[White "Mosna, Alessandro"]
[Black "Manca, Federico"]
[Result "0-1"]
[WhiteElo "1993"]
[BlackElo "2408"]
[PlyCount "42"]
[EventDate "2005.10.22"]

1. e4 g6 2. d4 Bg7 3. Nf3 d6 4. c3 Nf6 5. Bd3 O-O 6. O-O Nc6 7. Bg5 h6 8. Bh4
e5 9. dxe5 dxe5 10. Na3 g5 11. Bg3 Nh5 12. Nc4 Nf4 13. Bc2 Qf6 14. Ne3 Ne7 15.
Nd5 Nexd5 16. exd5 Bg4 17. Re1 Rfe8 18. Bxf4 Qxf4 19. Be4 Rad8 20. Qe2 f5 21.
Qc4 b5 0-1

[Event "XXVII Festival A"]
[Site "Arco ITA"]
[Date "2005.10.22"]
[Round "1"]
[White "Mukic, Josko"]
[Black "Danielsen, Magnus"]
[Result "1-0"]
[WhiteElo "2328"]
[BlackElo "1961"]
[PlyCount "87"]
[EventDate "2005.10.22"]

1. f4 d5 2. b3 c5 3. e3 Nf6 4. Nf3 a6 5. Bb2 Nc6 6. Ne5 Qc7 7. Be2 e6 8. O-O
Bd6 9. Nxc6 Qxc6 10. Bf3 O-O 11. c4 Be7 12. g4 b5 13. Nc3 Bb7 14. g5 Ne4 15.
cxd5 exd5 16. Ne2 Rad8 17. d3 Nd6 18. Ng3 Rfe8 19. Rc1 Bf8 20. Bd4 c4 21. bxc4
bxc4 22. dxc4 Nxc4 23. Qb3 Ba8 24. Qc3 Qe6 25. f5 Qd6 26. Bg2 Qb4 27. Qd3 Qd2
28. Qxd2 Nxd2 29. Rfd1 Ne4 30. Nxe4 dxe4 31. f6 Rd5 32. fxg7 Bxg7 33. Bxg7 Kxg7
34. Rxd5 Bxd5 35. a3 Kg6 36. Rc5 Bb7 37. Bh3 Re7 38. Kf2 h6 39. gxh6 Kxh6 40.
Kg3 Kg7 41. Kf4 Re8 42. Bf5 Kf6 43. Rc7 Re5 44. Rxf7+ 1-0